Del Mapocho al Sena

Uloženo v:
Podrobná bibliografie
Hlavní autor: Palacios, Jorge (autor)
Médium: Kniha
Jazyk:španělština
Vydáno: Santiago Lom 2001
Edice:Narrativa
Témata:
Tagy: Přidat tag
Žádné tagy, Buďte první, kdo vytvoří štítek k tomuto záznamu!

MARC

LEADER 00000nam a2200000 a 4500
001 UCN8171
003 CL-VaPUC
008 011109e20010800CL |||||||||||||||||spa|d
082 0 4 |a Ch863  |b PAL  |2 21 
100 |a Palacios, Jorge  |e autor  |9 464378 
245 1 0 |a Del Mapocho al Sena 
300 |a 239 p 
942 |c BK 
945 |d 20011109 00:00:00  |a vberengu 
260 |a Santiago  |b Lom  |c 2001 
650 0 |a Literatura chilena   |9 308278 
650 0 |a Novelas chilenas   |9 265425 
583 |a last modification  |c 20011109 00:00:00  |k Rodrigo Vera 
490 0 |a Narrativa 
999 |c 298203  |d 298201 
952 |0 0  |1 0  |4 0  |6 CH_863_000000000000000_PAL_2001  |7 0  |8 A  |9 353603  |a BIBEDU  |b BIBEDU  |d 2019-11-21  |i 3771369  |o Ch863 PAL 2001  |p 3771369  |r 2019-11-21  |w 2019-11-21  |y BK  |k CUE